Imidž maloobchodnej spoločnosti bakalárska práca

Enregistré dans:
Détails bibliographiques
Auteur principal: Ondrejka, Viliam
Collectivité auteur: Obchodná fakulta EU. Katedra marketingu
Autres auteurs: Pavliková, Marta
Format: Livre
Langue:slovaque
Publié: Bratislava 2015
Tags: Ajouter un tag
Pas de tags, Soyez le premier à ajouter un tag!

MARC

LEADER 00000nbm a2200000 4500
001 0203297
005 20161212105929.8
041 0 |a slo 
044 |a SK 
245 1 0 |a Imidž maloobchodnej spoločnosti  |b bakalárska práca  |c Viliam Ondrejka ; školiteľ: Marta Pavliková 
264 1 |a Bratislava  |c 2015 
300 |a 54 s. 
100 1 |a Ondrejka, Viliam 
700 1 |a Pavliková, Marta 
710 2 |a Obchodná fakulta EU. Katedra marketingu